00505nam a22001457a 4500020001500000040000900015082001700024100002600041245005000067260004700117650005800164942001200222999001900234952010600253 a0471712728 cNust a658.409bVEN aAlexi Venneri9124625 aBalls' 6 Rules of Winning today Business Game aNew Jersey:bJohn Wiley & Sons Inc,c2005. aBalls' 6 Rules of Winning today Business Game9123365 2ddccBK c609578d609578 00102ddc4070aCEMEbCEMEcGENd2024-06-07l0o658.409 VENpCEME- 42847r2024-06-07w2024-06-07yBK